Improving schools through teacher leadership (Record no. 147106)
[ view plain ]
| 000 -LEADER | |
|---|---|
| fixed length control field | 01589nam a2200373 a 4500 |
| 100 1# - MAIN ENTRY--AUTHOR NAME | |
| Personal name | Harris, Alma. |
| 245 10 - TITLE STATEMENT | |
| Title | Improving schools through teacher leadership |
| 260 ## - PUBLICATION, DISTRIBUTION, ETC. (IMPRINT) | |
| Place of publication | Berkshire, England ; |
| -- | New York, N.Y. : |
| Name of publisher | Open University Press, |
| Year of publication | 2004. |
| 300 ## - PHYSICAL DESCRIPTION | |
| Number of Pages | x, 161 p. : |
| Other physical details | ill. |
| 490 1# - SERIES STATEMENT | |
| Series statement | Professional learning |
| 505 0# - FORMATTED CONTENTS NOTE | |
| Formatted contents note | pt. 1. Teacher leadership : theoretical background -- pt. 2. Enhancing teacher leadership -- pt. 3. Recent studies and evidence -- pt. 4. Future directions for teacher leadership. |
| 650 #0 - SUBJECT ADDED ENTRY--TOPICAL TERM | |
| Topical Term | Teacher effectiveness. |
| Topical Term | Educational leadership. |
| Topical Term | School management and organization. |
| 700 1# - ADDED ENTRY--PERSONAL NAME | |
| Personal name | Muijs, Daniel. |
| 856 40 - ELECTRONIC LOCATION AND ACCESS | |
| Uniform Resource Identifier | http://site.ebrary.com/lib/rucke/Doc?id=10432613 |
No items available.
